| 000 | 00396nam a2200157Ia 4500 | ||
|---|---|---|---|
| 008 | 230917s9999||||xx |||||||||||||| ||und|| | ||
| 020 | _cRS550 | ||
| 040 |
_e30967 _aMAIN |
||
| 041 | _aEnglish | ||
| 082 | _a320.50954 P759P | ||
| 100 | _aMukherjee, Subrata, ed | ||
| 245 | 0 | _aPolitical ideas of Mahatma Gandhi | |
| 260 |
_aNew Delhi _bDeep & Deep _c1998 |
||
| 300 | _axv, 454 p. | ||
| 942 | _cBK | ||
| 999 |
_c103764 _d103764 |
||